| 000 | 01210nam a2200313Ia 4500 | ||
|---|---|---|---|
| 001 | ebr10254953 | ||
| 003 | CaPaEBR | ||
| 006 | m u | ||
| 007 | cr cn||||||||| | ||
| 008 | 080421s2008 enk sb 001 0 eng d | ||
| 010 | _z 2008017888 | ||
| 020 | _z0754671240 (alk. paper) | ||
| 020 | _z9780754671244 (alk. paper) | ||
| 040 |
_aCaPaEBR _cCaPaEBR |
||
| 035 | _a(OCoLC)567983778 | ||
| 050 | 1 | 4 |
_aK5210 _b.R65 2008eb |
| 082 | 0 | 4 |
_a346.03/4 _222 |
| 100 | 1 | _aRolph, David. | |
| 245 | 1 | 0 |
_aReputation, celebrity and defamation law _h[electronic resource] / _cDavid Rolph. |
| 260 |
_aAldershot, Hampshire, England ; _aBurlington, VT : _bAshgate, _cc2008. |
||
| 300 | _axxiii, 217 p. | ||
| 504 | _aIncludes bibliographical references (p. [189]-213) and index. | ||
| 533 |
_aElectronic reproduction. _bPalo Alto, Calif. : _cebrary, _d2009. _nAvailable via World Wide Web. _nAccess may be limited to ebrary affiliated libraries. |
||
| 650 | 0 | _aLibel and slander. | |
| 650 | 0 | _aReputation (Law) | |
| 655 | 7 |
_aElectronic books. _2local |
|
| 710 | 2 | _aebrary, Inc. | |
| 856 | 4 | 0 |
_uhttp://site.ebrary.com/lib/rucke/Doc?id=10254953 _zAn electronic book accessible through the World Wide Web; click to view |
| 999 |
_c14714 _d14714 |
||